| 000 | 01147nam a22002777a 4500 | ||
|---|---|---|---|
| 003 | SEM | ||
| 005 | 20230412165411.0 | ||
| 008 | 230125s2020 ai ||||gr||||||01|0|arm|d | ||
| 020 | _a9789939112008 | ||
| 040 |
_aSEM _cSEM |
||
| 041 | _aarm | ||
| 080 | _a34(47.925)/Բ-89 | ||
| 245 |
_aԲռնության մշակույթը Հայաստանում / _cԽմբ.` Գ. Տեր-Գաբրիելյան և ուրիշ․; Եվրասիա համագործակցություն հիմնադրամ |
||
| 260 |
_aԵրևան : _bԵվրասիա համագործակցություն հիմնադրամ, _c2020. |
||
| 300 |
_a401 էջ ; _bաղյս․; _c24 սմ |
||
| 650 |
_aԻրավունք _xՀայաստան _xբռնություն |
||
| 653 | _aՍԷՄ | ||
| 700 |
_aՏեր-Գաբրիելյան Գ. _4խմբ. |
||
| 700 |
_aՀովակիմյան Գ․ _4խմբ. |
||
| 700 |
_aՍմբատյան Հ․ _4խմբ. |
||
| 700 |
_aՊետրոսյան Դ․ _4խմբ. |
||
| 700 |
_aԱվագյան Յ․ _4խմբ. |
||
| 700 |
_aԽուրշուդյան Շ․ _4խմբ. |
||
| 710 | _aԵվրասիա համագործակցություն հիմնադրամ | ||
| 942 |
_2udc _cBK _n0 |
||
| 999 |
_c73278 _d73278 |
||